000 00230 a2200097 4500
001 59090
100 _a
245 _aEverest reaching the worlds highest peak
260 _aLondon
_bDorling Kindersley
_c2000
090 _c36187
_d36187
942 _aNUST-CAE
_c
_c29099
999 _c294163
_d294163